000 00705nam a22002177a 4500
003 LK-CoMWRAF
005 20240117192019.0
008 230930b2011 |||||||| |||| 00| 0 eng d
020 _a9789551723231
040 _aLK-CoMWRAF
_dLK-CoMWRAF
_eLK-CoMWRAF
041 _aeng
082 _a920.72
_bPAN
100 _aPanditaratne, Dinusha
245 _aPathways to the peak:
_bremarkable stories from pioneering Sri Lankan women
260 _a[Colombo]:
_bBay Owl Press,
_c2011
300 _a167 p., 1 unnumbered page : ill. ; 23 cm
_bBibliography included
650 _aSUCCESSFUL PEOPLE-Sri Lanka-Biography
650 _aWomen--Sri Lanka--Biography
700 _a Panditaratne, Shalini
942 _cBK
999 _c3754
_d3754